00310nam a22001097a 4500020001800000082002200018100004700040245004700087260004900134300000900183563000800192 a9789697705108 a658.15095491bFIN aKashif Hamid, Muhammad Yasin Zia (Editors) aFinancial Management Practices in Pakistan aFaisalabadbUniversity of Agriculture,c2022 a197p aH.B